[Event "Challenge"]
[Site "http://www.queenalice.com/game.php?id=1322507"]
[Date "2014.11.16"]
[Round "-"]
[White "FartFlinger"]
[Black "Racey"]
[Result "0-1"]
[WhiteElo "1500"]
[BlackElo "1523"]

1. e4 e5 2. Nc3 Nf6 3. Nge2 c5 4. d3 h5 5. Ng3 h4 6. Nf5 g6 7. Ne3 a5 8. Ned5 a4
9. Bg5 Be7 10. Nxe7 Qxe7 0-1

[Event "Challenge"]
[Site "http://www.queenalice.com/game.php?id=1322541"]
[Date "2014.11.17"]
[Round "-"]
[White "deutscher_2503"]
[Black "FartFlinger"]
[Result "1-0"]
[WhiteElo "2054"]
[BlackElo "1500"]

1. d4 d5 2. c4 c6 3. Nc3 Nf6 4. Nf3 Bg4 5. Bg5 Nbd7 6. e3 e5 7. dxe5 Nxe5 8. Be2
Nxf3+ 9. Bxf3 Bxf3 10. Qxf3 Be7 11. Rd1 Qb6 12. Qe2 O-O 13. O-O dxc4 14. Qxc4
Qxb2 15. Rb1 Qa3 16. Rxb7 Rae8 17. Qxc6 Qa5 18. Bxf6 Bxf6 19. Na4 Rc8 20. Qb5
Qxb5 21. Rxb5 Rc2 22. Ra5 Rxa2 23. Rxa7 g6 24. Ra6 Be7 25. Nc5 Rc2 26. Nd7 Rd8
27. Nf6+ Kg7 28. Ne4 1-0

[Event "Challenge"]
[Site "http://www.queenalice.com/game.php?id=1334029"]
[Date "2015.1.10"]
[Round "-"]
[White "FartFlinger"]
[Black "robertson"]
[Result "1/2-1/2"]
[WhiteElo "1485"]
[BlackElo "1788"]

1. e4 e5 2. Nc3 Nf6 3. d4 Nc6 4. d5 Nb8 5. Bd3 a6 6. Nge2 d6 7. O-O Bg4 8. f3
Bh5 9. Ng3 Bg6 10. Be3 h6 11. Qe1 Nbd7 12. h3 Bh7 13. f4 exf4 14. Bxf4 g5 15.
Be3 Qe7 16. Bd4 O-O-O 17. Qe2 Rg8 18. Bxa6 Nc5 19. Bxc5 dxc5 20. Bxb7+ Kxb7 21.
Qb5+ Kc8 22. Qa6+ Kd7 23. Qc6+ Kc8 24. Rxf6 Rg6 25. Rxg6 Bxg6 26. Nb5 c4 27.
Na7+ Kb8 28. Nf5 Bxf5 29. exf5 Qe3+ 30. Kh1 Qxa7 31. Qxc4 Bd6 32. a4 Kc8 33. a5
Qe3 34. Qa6+ Kd7 35. Qc6+ Ke7 36. Qc3 Qf4 37. Re1+ Kd7 38. Qc6+ Kc8 39. Qa8+ Kd7
40. Qc6+ Kc8 41. Qa8+ Kd7 42. Qc6+ 1/2-1/2

[Event "Challenge"]
[Site "http://www.queenalice.com/game.php?id=1334031"]
[Date "2015.1.10"]
[Round "-"]
[White "FartFlinger"]
[Black "pcapell"]
[Result "1-0"]
[WhiteElo "1374"]
[BlackElo "1415"]

1. e4 e5 2. Nc3 Nf6 3. Nge2 Nc6 4. d4 exd4 5. Nxd4 Nxd4 6. Qxd4 d6 7. Bg5 Be7 8.
Bd3 O-O 9. O-O c5 10. Qe3 Ng4 11. Bxe7 Qxe7 12. Nd5 Qe5 13. Qg3 Qh5 14. h3 Ne5
15. f4 Nxd3 16. Nf6+ 1-0

[Event "Challenge"]
[Site "http://www.queenalice.com/game.php?id=1342641"]
[Date "2015.2.19"]
[Round "-"]
[White "vangogh"]
[Black "FartFlinger"]
[Result "0-1"]
[WhiteElo "1514"]
[BlackElo "1545"]

1. e4 c5 2. d4 cxd4 3. Qxd4 Nc6 4. Qe3 e5 5. a3 d5 6. Bb5 d4 7. Qb3 Be6 8. Qa4
Qc7 9. Nf3 Bd6 10. b3 Ne7 11. Bxc6+ Nxc6 12. O-O O-O 13. Bd2 Bg4 14. Ne1 Ne7 15.
f3 Bd7 16. Qc4 Rac8 17. Qd3 f5 18. g3 f4 19. g4 a6 20. c3 dxc3 21. Nxc3 Nc6 22.
Nd5 Bc5+ 23. Kg2 Qd8 24. b4 Bd4 25. Ra2 Qg5 26. b5 axb5 27. Qxb5 Bxg4 28. Qxb7
h5 29. Rc2 Rb8 30. Qxc6 Bd7+ 31. Kh1 Bh3 32. Rg1 Qxg1# 0-1

[Event "Challenge"]
[Site "http://www.queenalice.com/game.php?id=1371036"]
[Date "2015.7.11"]
[Round "-"]
[White "FartFlinger"]
[Black "Racey"]
[Result "1-0"]
[WhiteElo "1607"]
[BlackElo "1486"]

1. e4 e5 2. Nc3 h5 3. Nge2 h4 4. d4 Bd6 5. dxe5 Bxe5 6. f4 Bd6 7. e5 Bb4 8. Qd4
c5 9. Qf2 c4 10. Bd2 a5 11. a3 Be7 12. Nd4 d5 13. Be2 Be6 14. Nxe6 fxe6 15. f5
Qd6 16. exd6 Bxd6 17. fxe6 Ne7 18. Nb5 Rf8 19. Nxd6+ Kd8 20. Qxf8+ Kc7 21. Qxe7+
Nd7 22. Qxd7+ Kb6 23. Qb5+ Ka7 24. Qxb7# 1-0

[Event "Challenge"]
[Site "http://www.queenalice.com/game.php?id=1409764"]
[Date "2016.2.17"]
[Round "-"]
[White "sophiedurga"]
[Black "FartFlinger"]
[Result "1-0"]
[WhiteElo "1787"]
[BlackElo "1729"]

1. d4 d5 2. Nf3 Bg4 3. Ne5 Bh5 4. g4 Bg6 5. Bg2 c6 6. O-O Nd7 7. f4 Nxe5 8. dxe5
e6 9. Be3 c5 10. c3 Bxb1 11. Rxb1 Qc7 12. b4 Nh6 13. Qa4+ Qc6 14. Qxc6+ bxc6 15.
h3 cxb4 16. cxb4 Be7 17. Bc5 Bxc5+ 18. bxc5 O-O 19. Kh2 Rfb8 20. a3 Kf8 21. e4
Ke7 22. g5 Ng8 23. Bf3 Kd7 24. Rb4 Ne7 25. Rfb1 Kc7 26. Kg2 Ng6 27. Kg3 Nf8 28.
Kg4 Nd7 29. Rc1 a5 30. Rbb1 Rxb1 31. Rxb1 Nxc5 32. exd5 cxd5 33. h4 Ra6 34. Rb5
Kc6 35. Be2 Ra7 36. Rb8 f6 37. Rc8+ Kb6 38. Re8 fxe5 39. fxe5 d4 40. Rb8+ Kc7
41. Rh8 d3 42. Bf3 Nd7 43. Kf4 h6 44. gxh6 gxh6 45. Rxh6 Ra8 46. Bxa8 1-0

[Event "Challenge"]
[Site "http://www.queenalice.com/game.php?id=1422017"]
[Date "2016.5.8"]
[Round "-"]
[White "FartFlinger"]
[Black "Paulobraz"]
[Result "1-0"]
[WhiteElo "1697"]
[BlackElo "1900"]

1. e4 g6 2. d4 Bg7 3. c3 e5 4. d5 Ne7 5. Bd3 c6 6. d6 Ng8 7. Be3 b6 8. Ne2 Qf6
9. Bc2 c5 10. O-O Bf8 11. f4 Bxd6 12. fxe5 Qxe5 13. Bf4 Qe6 14. Bxd6 Bb7 15.
Bxb8 Rxb8 16. Nf4 Qe5 17. Nd5 Ba6 18. Bd3 c4 19. Be2 Ne7 20. Nf6+ Kd8 21. Qxd7#
1-0

[Event "Challenge"]
[Site "http://www.queenalice.com/game.php?id=1427259"]
[Date "2016.6.11"]
[Round "-"]
[White "FartFlinger"]
[Black "modesto54"]
[Result "0-1"]
[WhiteElo "1692"]
[BlackElo "1865"]

1. e4 c5 2. c3 e6 3. d4 d5 4. e5 Nc6 5. f4 cxd4 6. cxd4 Qb6 7. Nf3 Nge7 8. Nc3
Nf5 9. Bb5 h5 10. Bxc6+ Qxc6 11. O-O Bd7 12. Bd2 Be7 13. Rc1 O-O 0-1

[Event "Challenge"]
[Site "http://www.queenalice.com/game.php?id=1430861"]
[Date "2016.7.8"]
[Round "-"]
[White "FartFlinger"]
[Black "Raion_BR"]
[Result "0-1"]
[WhiteElo "1664"]
[BlackElo "1760"]

1. e4 c5 2. Nf3 d6 3. d4 cxd4 4. Nxd4 e5 5. Nb3 Nf6 6. Bd3 Nc6 7. O-O Be7 8. Be3
O-O 9. N1d2 d5 10. exd5 Qxd5 11. Bc4 Qd6 12. a3 a6 13. Be2 Bf5 14. c3 Rad8 15.
Qe1 Ne4 16. Nxe4 Bxe4 17. Bb6 Rb8 18. Nc5 Bd8 0-1

[Event "Challenge"]
[Site "http://www.queenalice.com/game.php?id=1430862"]
[Date "2016.7.8"]
[Round "-"]
[White "FartFlinger"]
[Black "fenomeno"]
[Result "0-1"]
[WhiteElo "1637"]
[BlackElo "1599"]

1. e4 e5 2. Nc3 Nf6 3. d4 exd4 4. Qxd4 Nc6 5. Qd1 Bb4 6. Bd3 d6 7. Ne2 Bg4 8.
O-O Bxc3 9. bxc3 O-O 10. Be3 Ne5 11. f3 Bh5 12. Bg5 c6 13. Nf4 h6 14. Bxf6 Qxf6
15. Nxh5 Qe6 16. f4 Ng4 17. Qf3 Qg6 18. Ng3 h5 19. f5 Qg5 20. Rae1 f6 21. h3 Ne5
22. Qf4 Qxf4 23. Rxf4 d5 24. exd5 Rad8 25. dxc6 Nxc6 26. Nxh5 Rd7 27. Bc4+ Rdf7
28. Rg4 Kh7 29. Bxf7 Rxf7 30. Re8 Ne5 31. Re4 Kh6 32. Rh8+ Kg5 0-1

[Event "Challenge"]
[Site "http://www.queenalice.com/game.php?id=1434866"]
[Date "2016.8.5"]
[Round "-"]
[White "FartFlinger"]
[Black "Dogie"]
[Result "0-1"]
[WhiteElo "1648"]
[BlackElo "1840"]

1. e4 e5 2. Nc3 Nf6 3. Nge2 c6 4. d4 exd4 5. Nxd4 Bb4 6. Bd3 O-O 7. O-O Re8 8.
Bg5 Be7 9. Nf5 Bf8 10. Kh1 g6 11. f4 Bg7 12. e5 h6 13. exf6 Bxf6 14. Nxh6+ Kg7
15. Ne4 Bxg5 16. fxg5 d5 17. Rxf7+ Kh8 18. Nf6 Re7 19. Bxg6 Rxf7 20. Nxf7+ Kg7
21. Nxd8 Nd7 22. Qh5 Nxf6 23. Qh6+ Kg8 24. Nf7 Nh7 25. Qxh7+ Kf8 26. Re1 Be6 27.
Rxe6 a6 0-1

[Event "Challenge"]
[Site "http://www.queenalice.com/game.php?id=1435546"]
[Date "2016.8.10"]
[Round "-"]
[White "Ivacir"]
[Black "FartFlinger"]
[Result "1-0"]
[WhiteElo "1965"]
[BlackElo "1669"]

1. e4 c5 2. Nc3 Nc6 3. Bb5 a6 4. Bxc6 dxc6 5. d3 e5 6. f4 exf4 7. Bxf4 Be7 8.
Nf3 Bg4 9. O-O Nf6 10. Qe1 O-O 11. Qd2 Nh5 12. Be3 f5 13. Ne5 Nf6 14. exf5 Bh5
15. Rae1 Nd5 16. Nxd5 cxd5 17. f6 Bxf6 18. Bxc5 Re8 19. d4 Bf7 20. Nxf7 Kxf7 21.
Rxe8 Qxe8 22. Re1 Qd7 23. c3 h6 24. Qf4 Kg8 25. Qd6 Qxd6 26. Bxd6 Rd8 27. Be5
Bxe5 28. Rxe5 Rd7 29. h3 Kf7 30. g4 Kf6 31. Kf2 b5 32. b3 Rc7 33. Re3 a5 34. Ke2
g6 35. Kd3 h5 36. Re5 Rd7 37. gxh5 1-0

[Event "Challenge"]
[Site "http://www.queenalice.com/game.php?id=1435852"]
[Date "2016.8.11"]
[Round "-"]
[White "FartFlinger"]
[Black "Ivacir"]
[Result "0-1"]
[WhiteElo "1678"]
[BlackElo "1939"]

1. d4 Nf6 2. Nf3 g6 3. c3 Bg7 4. Bg5 O-O 5. e3 d6 6. Be2 c5 7. O-O h6 8. Bxf6
exf6 9. Nbd2 Nc6 10. Ne4 Bf5 11. Ng3 Bd7 12. Nd2 f5 13. Nc4 Qc7 14. d5 Ne5 15.
Nxe5 Bxe5 16. Bf3 Bxg3 17. fxg3 Rfe8 18. Qd2 Re7 19. Rae1 Rae8 20. c4 b5 21. h4
bxc4 22. Qc3 Qb6 23. e4 Re5 24. Kh2 Qb4 25. Qc2 Bb5 26. a3 Qb3 27. Qxb3 cxb3 28.
Rf2 fxe4 29. Be2 Bxe2 30. Rfxe2 Rxd5 31. Rxe4 Rxe4 32. Rxe4 Rd2 0-1